| 000 | 03346cgm a2200685Ia 4500 | ||
|---|---|---|---|
| 003 | data | ||
| 005 | 20260322212007.0 | ||
| 007 | data | ||
| 008 | data | ||
| 020 | _a0767860322 | ||
| 020 | _a9780767860321 | ||
| 024 | 1 | _a043396058910 | |
| 028 | 4 | 2 |
_a05891 _bColumbia TriStar Home Entertainment |
| 037 |
_bMidwest Tape _nhttp://midwesttapes.com |
||
| 040 |
_aHHD _cHHD _dOCLCQ _dOCLCQ _dOCL _dWAU _dOCLCQ |
||
| 041 | 0 |
_aeng _beng _beng |
|
| 043 | _an-us--- | ||
| 050 | 1 | 4 |
_aPN1995.9.M86 _bS42 2002 |
| 082 | 0 | 4 |
_a791.43/72 _222 |
| 090 | _aDVD 785 | ||
| 130 | 0 | _a1776 (Motion picture : 1972) | |
| 245 | 1 | 0 |
_a1776 _h[videorecording] / _cJack L. Warner ... [et al.]. |
| 246 | 3 | _aSeventeen seventy six. | |
| 250 | _aWidescreen version, restored director's cut. | ||
| 260 |
_aCulver City, CA : _bColumbia TriStar Home Entertainment, _cc2002. |
||
| 300 |
_a1 videodisc (ca. 166 min.) : _bsd., col. ; _c4 3/4 in. |
||
| 500 | _aBook by Peter Stone. Based on the musical play "1776" produced on the New York stage by Stuart Ostrow. | ||
| 500 | _aSpecial features: director and screenwriter commentary, screen tests, bonus trailers, production notes. | ||
| 508 | _aDirector of photography, Harry Stradling, Jr. ; music and lyrics, Sherman Edwards ; based on a conception by Sherman Edwards ; choreography, Onna White. | ||
| 511 | 1 | _aWilliam Daniels, Howard Da Silva, Ken Howard, Donald Madden, Blythe Danner, John Cullum, Roy Poole, David Ford, Virginia Vestoff, Ron Holgate, Ray Middleton, John Myhers, Rex Robbins, William Duell. | |
| 520 | _a1776 is a delightful musical celebration of the founding of The United States of America. The story centers around the familiar historical characters as they organize a movement for independence from Mother England. All events lead up to that most significant date, July 4, 1776, when the Declaration of Independence was signed. This is the DVD "restored" version which runs ca. 166 minutes -- longer than the theatrical release cut, yet shorter than the laserdisc "restored" version. | ||
| 521 | _aRated PG. | ||
| 538 | _aDVD, Region 1 encoding. | ||
| 546 | _aEnglish soundtrack; optional English or French subtitles; closed-captioned for the hearing impaired. | ||
| 600 | 1 | 0 |
_aStone, Peter, _d1930- _vFilm and video adaptations. |
| 600 | 1 | 0 |
_aAdams, John, _d1735-1826 _vDrama. |
| 600 | 1 | 0 |
_aFranklin, Benjamin, _d1706-1790 _vDrama. |
| 600 | 1 | 0 |
_aJefferson, Thomas, _d1743-1826 _vDrama. |
| 610 | 1 | 0 |
_aUnited States. _tDeclaration of Independence _vDrama. |
| 655 | 0 | _aFeature films. | |
| 655 | 0 |
_aFeature films _zUnited States. |
|
| 655 | 0 | _aHistorical films. | |
| 655 | 0 | _aMusical films. | |
| 655 | 0 | _aVideo recordings for the hearing impaired. | |
| 700 | 1 |
_aWarner, Jack L., _d1892-1978. _4pro. |
|
| 700 | 1 |
_aStone, Peter, _d1930- _4aus. |
|
| 700 | 1 |
_aHunt, Peter H. _4drt. |
|
| 700 | 1 |
_aDaniels, William, _d1927- _4act. |
|
| 700 | 1 |
_aDa Silva, Howard, _d1909-1986 _4act. |
|
| 700 | 1 |
_aHoward, Ken, _d1944- _4act. |
|
| 700 | 1 |
_aDanner, Blythe. _4act. |
|
| 700 | 1 |
_aVestoff, Virginia. _4act. |
|
| 700 | 1 |
_aMadden, Donald, _d1933-1983. _4act. |
|
| 700 | 1 |
_aStradling, Harry, _d1925- _4cng. |
|
| 700 | 1 |
_aEdwards, Sherman. _4cmp. |
|
| 700 | 1 |
_aOstrow, Stuart, _d1932- |
|
| 710 | 2 | _aColumbia Pictures Industries. | |
| 710 | 2 | _aColumbia TriStar Home Entertainment (Firm) | |
| 001 | data | ||
| 999 |
_c117 _d117 |
||